000 01138nam a2200325 i 4500
001 510120
003 EG-ScBUE
005 20260311102722.0
008 851219r19811973enka f b 001 0 eng d
020 _a0045500266
040 _aEG-ScBUE
_beng
_erda
_cEG-ScBUE
_dEG-ScBUE
041 1 _aeng
_hjpn
082 0 4 _a552.4
_bMIY
_222
100 1 _aMiyashiro, Akiho,
_99803
_eauthor.
240 1 0 _aHenseigan to henseitai.
_lEnglish
245 1 0 _aMetamorphism and metamorphic belts /
_cby Akiho Miyashiro, professor of geology, State University of New York at Albany.
250 _aFifth impression.
264 1 _aLondon :
_bGeorge Allen & Unwin,
_c1981.
300 _a492 pages :
_billustrations ;
_c23 cm
336 _2rdacontent
_atext
_btxt
337 _aunmediated
_2rdamedia
_bn
338 _avolume
_bnc
_2rdacarrier
500 _aIncludes appendix.
504 _aIncludes bibliographical references and index.
546 _aText in English ; translated from the original Japanese language.
650 7 _aMetamorphism (Geology)
_99804
_2BUEsh
655 _vReading book
942 _2ddc
_cBB
999 _c13015
_d13015